Countries of Italy in 1500 with a Map - Statistics

General Stats
  • This quiz has been taken 4,845 times
    4,799 since last reset
  • The average score is 19 of 67
Answers on the Map
Answers color-coded by a green-red scale on the quiz's map according to % correct below.
 
Answer Stats
Countries % Correct
Venice
96%
Naples
95%
Papal States
94%
Genoa
91%
Milan
89%
Florence
86%
Pisa
73%
Savoy
73%
San Marino
71%
Aragon (Sardinia and Sicily)
70%
Modena
65%
Bologna
63%
Lucca
61%
Siena
56%
Trent
51%
Ferrara
47%
Mantua
41%
Urbino
39%
Ancona
38%
Monaco
35%
Massa
30%
Montferrat
30%
Rimini
30%
Perugia
29%
Saluzzo
24%
Gorizia
23%
Piombino
22%
Asti
21%
Cospaia
20%
Forli
20%
Brixen
18%
Pesaro
16%
Savona
16%
Noli
15%
Fermo
14%
Finale
14%
Romagna
13%
Faenza
11%
Sovana
10%
Camerino
9%
Citta di Castello
9%
Sora
9%
Senarica
8%
Ceva
7%
Guastalla
7%
Senigallia
7%
Fosdinovo
6%
Mirandola
6%
Oneglia
6%
Sette Comuni
6%
Carpegna
5%
Castiglione
5%
Correggio
5%
Dolceacqua
5%
Incisa
5%
Masserano
5%
Novellara
5%
Santa Fiora
5%
Tenda
5%
Torriglia
5%
Tresana
5%
Vernio
5%
Licciana
4%
Loano
4%
Lunigiana
4%
Montechiarugolo
4%
Sabbioneta
4%
No matching quizzes found
Score Distribution
Percent of People with Each Score
Percentile by Number Answered
Your Score History
You have not taken this quiz since the last reset